| 000 | 00774nam a2200241 a 4500 | ||
|---|---|---|---|
| 001 | 50898 | ||
| 003 | BD-RjUL | ||
| 005 | 20211209075600.0 | ||
| 008 | 160829s1965 nju b 000 0 eng d | ||
| 035 | _a(BD-RjUL)51018 | ||
| 040 |
_aBD-RjUL _beng _cBD-RjUL |
||
| 041 | _aeng | ||
| 082 |
_223 _a513.83 _bNAT 1965 |
||
| 100 | 1 |
_aNachbin, Leopoldo, _d1922- _9152355 |
|
| 245 | 1 | 0 |
_aTopology and order / _cby Leopoldo Nachbin ; translated from the Portuguese by Lulu Bechtolsheim |
| 260 |
_aPrinceton, N.J : _bVan Nostrand, _cc1965 |
||
| 300 |
_avi, 122 p. ; _c21 cm |
||
| 490 | 1 |
_aVan Nostrand mathematical studies ; _v4 |
|
| 650 | 0 |
_aTopology _9152356 |
|
| 700 |
_aBechtolsheim, Lulu _9152357 |
||
| 830 | 0 |
_aVan Nostrand mathematical studies ; _v4 _9152358 |
|
| 942 |
_2ddc _cBK |
||
| 999 |
_c50898 _d50898 |
||